| 000 | 00917nam a2200277 a 4500 | ||
|---|---|---|---|
| 001 | 000017697 | ||
| 003 | DO-SdBNP | ||
| 005 | 20230517103733.0 | ||
| 006 | a||||br|||| 00| 0 | ||
| 007 | ta | ||
| 008 | 100330e1985 dr a br 001 udspa d | ||
| 040 |
_aDO-SdBNP _bspa _cBNPHU _erda |
||
| 082 | _bJ48z | ||
| 100 | 1 |
_aJeldes A., Fidel _938539 |
|
| 245 | 1 | 0 |
_aZoología de los invertebrados / _cFidel Jeldes A. ; prólogo, Rogelio Lamarche Soto. |
| 264 | 3 | 3 |
_aSanto Domingo : _bServicios Gráficos Integrados, _c1985 |
| 300 |
_a136 p. : _bil. ; _c25 cm. |
||
| 336 |
_2rdaconten _atexto _btxt |
||
| 337 |
_2rdamedia _asin medición _bn |
||
| 338 |
_2rdacarrier _avolumen _bnc |
||
| 500 | _aIncluye datos biográficos del autor en la solapa de la cubierta | ||
| 500 | _aIncluye notas al pie de las páginas | ||
| 590 | _aInventariado 2023 / MF | ||
| 700 | 1 |
_aLamarche Soto, Rogelio, _epról. _938540 |
|
| 942 |
_2ddc _cLBS1 |
||
| 999 |
_c17222 _d17222 |
||